| 000 | 00673cam a22002531 4500 | ||
|---|---|---|---|
| 001 | sa 68005688 | ||
| 003 | DLC | ||
| 005 | 20260227112510.0 | ||
| 008 | 940912s1967 ii b 000 0 pano | ||
| 010 | _asa 68005688 | ||
| 025 | _aPL480:I-Pu-1096 | ||
| 035 | _a(OCoLC)31091785 | ||
| 040 |
_aDLC _cCU _dCU _dDLC |
||
| 042 | _apremarc | ||
| 050 | 0 | 0 |
_aPK2659.B37 _bZ73 |
| 100 | 0 |
_aJogā Siṅgha, _d1942- |
|
| 245 | 1 | 0 | _aBāwā Balawanta kāwi mullāṅkaṇa. |
| 260 | _c[1967] | ||
| 300 |
_a112 p. _c18 cm. |
||
| 500 | _aIn Panjabi. | ||
| 504 | _aBibliographical footnotes. | ||
| 600 | 1 | 0 |
_aBawa, Balwant, _d1915-1972. |
| 700 | 1 |
_aRāhī, Prītama Siṅgha, _d1936- |
|
| 999 |
_c80880 _d80880 |
||